000
00180 a2200097 4500
020
_a
9780881131505
041
_a
spa
100
_a
Max Lucado
245
_a
La vela de navidad
942
_c
BK
999
_c
34
_d
34